【プロ野球】 2025年 読売ジャイアンツ 応援歌 - Statistics

General Stats
  • This quiz has been taken 110 times
  • The average score is 15 of 33
Answer Stats
応援歌 選手名 % Correct
オオオ オオオ オオオ オオオ オー燃えろ 誰よりも強く勇ましく オオオオオオ お前が立つその場所は 熱気の渦が巻く 〇〇 炎となれ 坂本勇人
93%
走れ走れよ ネクストベースへ ホームまで駆け抜けろ〇〇〇〇 GO GO 増田大輝
88%
好守に巧打 結果(こたえ)を見せつけて輝く道を 駆け抜けろ〇〇 吉川尚輝
88%
誰より強くさらなる高みへ この大歓声が君の味方ださあ我らと行こう 〇〇〇〇 丸佳浩
88%
オーオーオーオーオーオオオー君よこの歌と君よこの声に今 共鳴起こせ 一筋貫く夢の弾道 飛ばせ〇〇 放て〇〇 オオオオオオ(オイ!) ここまで 長野久義
83%
要の矜持を胸に 放つ勝利の矢 目に焼きつけよう 〇〇〇〇を 甲斐拓也
82%
歴史を築け〇〇〇〇 夢あふれるフィールド その名刻め〇〇 スタンド沸かす 永遠のアーチ 岡本和真
79%
華麗なプレーで 創れ新たな時代 信じた野球道は 未来(あす)への架け橋 〇〇の決意 力の限り 貫け〇〇 門脇誠
78%
鋭いまなざし 満ちあふれる男気魅せろパワーフルスイング ぶち込め〇〇 大城卓三
65%
今魅せろ強肩を 扇の要夢バットに託し 戦え〇〇 小林誠司
59%
伝説をこの場所で さぁ見せてくれ 拳上げ夢の続き 描けあの空へ 田中将大
57%
魅せろ華麗なステージ しなる豪腕眩しく翔けそれ征け〇〇 明日を目指して 戸郷翔征
57%
赤い情熱 星を掴み取れ 優れたセンスで攻めろ 志高く 赤星優志
46%
地を這うアンダースロー 頼むぞサブマリン華麗なフォームで魅せろ 〇〇の力 高橋礼
45%
その手の白球で 勝利へ一歩ずつ共に掴むぞビクトリー 強気の勝負で 山﨑伊織
44%
行け〇〇 努力を重ねて 我らの願い白球(たま)に乗せ 打て〇〇決めろ 中山礼都
39%
熱き心滾らせ 燃ゆるハート見せつけろ 恐れ知らぬヒーロー 〇〇(オイ!) 立ち向かえ ヘルナンデス
38%
煌めくセンス磨き たゆまぬ努力重ね輝け今スマイル 行こうぜ〇〇〇〇 萩尾匡也
37%
狙い定めた一打 左右に弾き返せ 決めろ〇〇 歓声を浴びながら 泉口友汰
37%
熱く強く 歓喜の渦へ さあ今だ戦え(〇〇!) さあ今だ翔け(〇〇!) 獅子奮迅〇〇 この熱き舞台で 浅野翔吾
37%
最高の笑顔 見せてくれ〇〇 明るくたくましく 導けよ永久に 阿部慎之助
35%
今走り出せ 闘志を燃やし気迫の一振り 戦え〇〇 オコエ瑠偉
33%
守り攻め進めよ 縦と剣構え さぁチームを笑顔に 導けよ〇〇 岸田行倫
32%
風をその背に受け 駆け抜けろ〇〇突撃進撃 疾風迅雷 重信慎之介
32%
見せろ今 君の熱き想い 不屈の闘志超えろ今 君の架けたアーチ 未来へ振り抜け 増田陸
32%
狼煙上げて どこまでも 栄光目指し駆け抜けろさあ!行こうぜ〇〇 風を吹き荒らせ 若林楽人
29%
滾る闘志を球に込め 唸る左腕よ今ここに 多彩なボールで 全力まっしぐら 今村信貴
21%
今日もチームを 勝ちに導け 左腕に託す希望(のぞみ) 〇〇〇〇 井上温大
20%
海越え 僕らのためにやってきたLet's Fight(〇〇!)Let's Charge(〇〇!) ホームラン ヒッターズテーマB
17%
お前の出番ゆくぞ 敵を打ち砕け(〇〇!)巨人に勝利の旋風 巻き起こせよ ヒッターズテーマA
10%
まぶしく輝け(〇〇!) この時に 勝負さ今こそ つかめよ勝利の星 ピッチャーズテーマ1
9%
ゆけ火消しだリリーフよ 消せ火の粉をリリーフよ牙をむいて立ち向かえよ 男の出番 ピッチャーズテーマ2
9%
海越えこの地で(〇〇!) 君が主役だ(〇〇!)多彩なボールでビクトリー 夢を叶えよう ピッチャーズテーマ3
9%
No matching quizzes found
Score Distribution
Percent of People with Each Score
Percentile by Number Answered
Your Score History
You have not taken this quiz